Najpopularniejsze numery Rap/Trap tygodnia. 09-15.04 YT - Statystyki

Ogólne statystyki
  • Ten quiz został rozwiązany 32 razy
  • Średni wynik to 16 z 30
Statystyki odpowiedzi
Wykonawca Wyświetlenia Utwór % Poprawnych
Mata 5.03M Patoreakcja
93%
Young Leosia 594K Szklanki
93%
Ekipa 5.10M 3KIPA
90%
Guzior ft. Oskar83 1.06M FALA
80%
Sobel 2.34M Fiołkowe Pole
77%
Ekipa ft. Qry 8.80M ZAEBYŚCIE
77%
Sobel 1.40M Bandyta
73%
Wiatr ft. Sobel, Be Vis 721K Testarossa
70%
ReTo 597K Billy Kid
67%
Janusz Walczuk 485K Janusz Walczuk
67%
Sobel 976K Alien
63%
Guzior 1.18M BLUEBERRY
63%
Sobel 965K Kinol
63%
ReTo 2.61M Paw
63%
Alberto 596K Dwutakt
60%
Kizo ft. Trill Pem 591K Fitness
57%
OIO 756K Przypadkiem
53%
Kabe 796K Nad ranem
47%
Cheatz 523K gdzie jest stary dawid
43%
chillwagon 473K młody tomasz
40%
Lipa ft. Kabe 960K Bezprawie
37%
Sobel 754K Każdego Dnia
30%
Aymi 980K Nieważne
27%
Kabe 600K Słuchaj Bracie
27%
Żabson 521K Trapczan
27%
Major SPZ 491K Klepsydra
17%
KęKę 619K Nie mów mi
17%
Kacper HTA ft. Pezet, Avi, Gibbs 556K Nostalgia
17%
Dedis ft. Jano PW, Intruz 558K Koniec Świata
10%
Avi & Louis Villain 613K Evviva I' arte
3%
Nie znaleziono quizów pasujących do podanych kryteriów
Rozkład punktacji
Procent ludzi z każdym wynikiem
Percentyl według liczby udzielonych odpowiedzi
Twoja historia wyników
Nie rozwiązałeś tego quizu